000 00614nam a22002177a 4500
005 20161116145732.0
010 _aENG-109893
020 _c2345.00
_a9789351431046
035 _aEN-93426
037 _bDBAD/PUB
100 _aPollock
245 0 0 _aThe Indian Contract Act, 1872 /
_cby Pollock [and] Mulla
250 _a14th ed
260 _aGurgaon
_bLexis Nexis
_c2014
270 _a14th Floor, Bldg. No.10, Tower-B, DLF Cyber City, Phase-II
_bGurgaon
_e122002
300 _acccviii,1902p.
_c24cm(Hb)
500 _aIncludes index
700 _aMulla
700 _aBhadbhade, Nilima
942 _2ddc
_cEN
_mPOL
999 _c83871
_d83871